| 000 | 00415nam a2200181Ia 4500 | ||
|---|---|---|---|
| 001 | 4186 | ||
| 005 | 20260306145737.0 | ||
| 008 | 260306t2013||||xx |||||||||||||| ||spa|| | ||
| 041 | _aESP | ||
| 082 |
_a320 _bM42 |
||
| 100 |
_aMeneses Díaz, Álvaro _eAUT |
||
| 245 | 0 | _aCollatio politicorum | |
| 260 | _c2013 | ||
| 300 |
_a122 páginas : _c25 cm. |
||
| 650 | _aGEN | ||
| 654 | _aCDE | ||
| 942 |
_cLIB _dJUS _fJUS _2ddc _n |
||
| 999 |
_c4186 _d4186 |
||